LEADER 00753nam a2200193 i 4500 001 000000155839 003 CaOOAMICUS 005 20061121000000.0 008 061121s1931 it u000 u mul u 013 $a133193 040 $aSeMil$bita 245 10$aGiovanni Muzio /$cCon prefazione di = Avec introduction de Piero Torriano. 260 $aGinevra :$bMaestri dell'Architettura,$c1931. 300 $aXXXII, [83] p. di tav. ;$c21 cm. 700 1 $aTorriano, Piero.$0(OLS)http://semarc/name/41245 850 $aSeMil 852 $aSeMil$W1$xVenegono$y1$m5K VI 19$j107667$B107667$CSeMilBibl$Z2$F117190 $81 996 $6245$aGiovanni Muzio$9(OLS)http://semarc/title/228324 996 $6260$aGinevra :$bMaestri dell'Architettura$9(OLS)http://semarc/publisher/48293 LEADER 00919nam a2200253 i 4500 001 000000118072 003 CaOOAMICUS 005 20030918000000.0 008 030918s1996 it u000 u ita u 013 $a90765 040 $aSeMil$bita 100 1 $aStella, Paolino.$0(OLS)http://semarc/name/23887 245 10$aLuigi Sturzo sacerdote /$cPaolino Stella. 250 $a3. ed. 260 $aNapoli :$bLa Nuova Cultura,$c1996. 300 $a264 p. ;$c24 cm. 500 $aFondo Card. Carlo Maria Martini. 600 14$aSturzo, Luigi .$0(OLS)http://semarc/subject/414 850 $aSeMil 852 $aSeMil$W1$xVenegono$y1$m3J IV 177$j73403$B73403$CSeMilBibl$Z2$F85310 $81 941 1 $a4 961 $aOmaggio: Martini Card. Carlo Maria 996 $6245$aLuigi Sturzo sacerdote$9(OLS)http://semarc/title/173432 996 $6260$aNapoli :$bLa Nuova Cultura$9(OLS)http://semarc/publisher/31404